000 00452nam a2200181Ia 4500
001 10674
005 20260306161849.0
008 260306t2005||||xx |||||||||||||| ||spa||
041 _aESP
082 _a946.057
_bD88 2005
100 _aDomínguez Ortiz, Antonio
_eAUT
245 0 _aCarlos III y la España de la Ilustración
260 _c2005
300 _a370 páginas :
_c18 cm.
650 _aGEN
654 _aCHU
942 _cLIB
_dJUS
_fJUS
_2ddc
_n
999 _c10674
_d10674